Statystyki dla Zgadnij co to za kraj po obrazku! Część 2

Kliknij tutaj aby rozwiązać quiz!

Ogólne statystyki

  • Ten quiz został rozwiązany 71 razy
  • Średni wynik to 6 z 20

Statystyki odpowiedzi

Odpowiedź% Poprawnych
Ukraina
87%
Korea Południowa
71%
Białoruś
47%
Oman
45%
Tajwan
39%
Katar
37%
Laos
37%
Kambodża
35%
Arabia Saudyjska
32%
Sri Lanka
29%
Antarktyda
27%
Bahrajn
27%
Jemen
23%
Jamajka
21%
Bahamy
19%
Estonia
19%
Mołdawia
13%
Puerto Rico
10%
Mikronezja
6%
Dżibuti
5%

Rozkład punktacji

Percentyl według liczby udzielonych odpowiedzi

Procent ludzi z każdym wynikiem

Twoja historia wyników

Nie rozwiązałeś tego quizu